| 000 | 00978nam a22001697a 4500 | ||
|---|---|---|---|
| 003 | SGT | ||
| 020 | _a9789351427988 | ||
| 082 | _a531,UPA | ||
| 100 | _aJ.C. UPADHYAYA | ||
| 245 | _aCLASSICAL MECHANICS | ||
| 250 | _a2ND | ||
| 260 |
_aNEW DELHI _bHIMALAYA PUBLISHING HOUSE _c2016 |
||
| 300 | _a480 | ||
| 650 | _aCLASSICAL MECHANICS | ||
| 653 | _a1. INTRODUCTORY IDEAS 2. LANGRANGIAN DYNAMICS 3. HAMILTONIAN DYNAMICS 4. TWO-BODY CENTRAL FORCE PROBLEM 5. VARIATIONAL PRINCIPLES 6. CANONICAL TRANSFORMATIONS 7. BRACKETS AND LIOUVILLE`S THEOREM 8. HAMILTON-JACOBI THEORY AND TRANSITION TO QUANTUM MECHANICS 9. SMALL OSCILLATIONS AND NORMAL MODES (COUPLED-OSCILLATORS) 10. DYNAMICS OF A RIGID BODY 11. NONINERTIAL AND ROTATING COORDINATE SYSTEMS 12. SPECIAL THEORY OF RELATIVITY-LORENTZ TRANSFORMATIONS 13. RELATIVISTIC MECHANICS 14. FOUR DIMENSIONAL FORMULATION-MINKOWSKI SPACE 15. CONVARIANT FORMULATION OF ELECTRODYNAMICS 16. NONLINEAR DYNAMICS AND CHAOS | ||
| 942 |
_2ddc _cFPS _016 |
||
| 999 |
_c9395 _d9395 |
||